|
|
|
|
| LEADER |
01795cas a2200253 a 4500 |
| 001 |
AALejournalIMF004473 |
| 008 |
230101c9999 xx r poo 0 0eng d |
| 020 |
|
|
|c 5.00 USD
|
| 020 |
|
|
|z 9781451864823
|
| 022 |
|
|
|a 1018-5941
|
| 040 |
|
|
|a BD-DhAAL
|c BD-DhAAL
|
| 100 |
1 |
|
|a Le Borgne, Eric.
|
| 245 |
1 |
0 |
|a Economic and Political Determinants of Tax Amnesties in the U.S. States /
|c Eric Le Borgne.
|
| 264 |
|
1 |
|a Washington, D.C. :
|b International Monetary Fund,
|c 2006.
|
| 300 |
|
|
|a 1 online resource (13 pages)
|
| 490 |
1 |
|
|a IMF Working Papers
|
| 500 |
|
|
|a <strong>Off-Campus Access:</strong> No User ID or Password Required
|
| 500 |
|
|
|a <strong>On-Campus Access:</strong> No User ID or Password Required
|
| 506 |
|
|
|a Electronic access restricted to authorized BRAC University faculty, staff and students
|
| 520 |
3 |
|
|a This paper revisits earlier studies on the determinants of tax amnesties. The novel findings are (i) amnesties are more likely to be declared during fiscal stress periods, and (ii) political factors significantly affect the introduction and timing of amnesties. In particular, the paper empirically disentangles opposite theoretical effects to show that governors perceive amnesties as another revenue source (rather than a tax increase alternative). Finally, supporting evidence shows that by breaking horizontal equity, amnesties might be perceived as unfair: a significant correlation exists between governors who lost their reelection bids and the introduction of a tax amnesty during their election years.
|
| 538 |
|
|
|a Mode of access: Internet
|
| 651 |
|
7 |
|a United States
|2 imf
|
| 830 |
|
0 |
|a IMF Working Papers; Working Paper ;
|v No. 2006/222
|
| 856 |
4 |
0 |
|z Full text available on IMF
|u http://elibrary.imf.org/view/journals/001/2006/222/001.2006.issue-222-en.xml
|z IMF e-Library
|